[Event "Wch Seniors 65 31st"]
[Site "Terassini"]
[Date "2023.11.02"]
[Round "8"]
[White "Staub, Gerhard"]
[Black "Petran, Peter"]
[Result "0-1"]
[WhiteElo "2097"]
[BlackElo "2192"]
[PlyCount "94"]
[EventDate "2023.10.25"]
[EventType "swiss"]
[EventRounds "11"]
[EventCountry "ITA"]
[SourceTitle "Mega2024 Update 01"]
[Source "Chessbase"]
[SourceDate "2023.11.12"]
[SourceVersion "1"]
[SourceVersionDate "2023.11.12"]
[SourceQuality "1"]

1. e4 c6 2. d4 d5 3. f3 g6 4. Nc3 Bg7 5. Be3 dxe4 6. fxe4 Nf6 7. Nf3 0-0 8. Qd2 Ng4 9. Bg5 h6 10. Bh4 Nf6 11. Be2 a5 12. 0-0 Na6 13. Rad1 Nc7 14. a4 Be6 15. Ne5 Nd7 16. Nc4 Bxc4 17. Bxc4 Nf6 18. e5 Nfd5 19. Ne4 b5 20. Bb3 Kh7 21. Rf3 f5 22. exf6 exf6 23. c3 Qd7 24. Rdf1 f5 25. Nc5 Qf7 26. Bg3 Rac8 27. Nd3 Qd7 28. Ne5 Bxe5 29. Bxe5 Nf6 30. Rh3 Ng4 31. Bd1 h5 32. Bxg4 fxg4 33. Re3 Rxf1+ 34. Kxf1 Rf8+ 35. Kg1 Nd5 36. Re1 Qf5 37. Qe2 bxa4 38. Bd6 Rf7 39. Rf1 Qxf1+ 40. Qxf1 Rxf1+ 41. Kxf1 Ne3+ 42. Kg1 Nc4 43. Ba3 Kg7 44. Kf2 Kf6 45. Ke2 Ke6 46. Kd3 Kd5 47. Kc2 Ke4 0-1

[Event "Wch Seniors 65 31st"]
[Site "Terassini"]
[Date "2023.10.26"]
[Round "2"]
[White "Campora, Daniel Hugo"]
[Black "Staub, Gerhard"]
[Result "1-0"]
[WhiteElo "2343"]
[BlackElo "2097"]
[PlyCount "147"]
[EventDate "2023.10.25"]
[EventType "swiss"]
[EventRounds "11"]
[EventCountry "ITA"]
[SourceTitle "Mega2024 Update 01"]
[Source "Chessbase"]
[SourceDate "2023.11.12"]
[SourceVersion "1"]
[SourceVersionDate "2023.11.12"]
[SourceQuality "1"]

1. e4 c5 2. Nf3 Nc6 3. Bb5 d6 4. Bxc6+ bxc6 5. 0-0 e5 6. Re1 Be7 7. c3 Bg4 8. d3 Nf6 9. Nbd2 0-0 10. h3 Bh5 11. Nf1 Nd7 12. Ng3 Bxf3 13. Qxf3 g6 14. Bh6 Re8 15. Rad1 Bg5 16. Bxg5 Qxg5 17. Re2 Qf4 18. Qe3 Qxe3 19. Rxe3 Rab8 20. b3 Re6 21. d4 exd4 22. cxd4 Rb4 23. Red3 Rxd4 24. Rxd4 cxd4 25. Rxd4 Nb6 26. Kf1 Kf8 27. Rd2 Ke7 28. f3 a5 29. Ne2 c5 30. Nc3 Kd7 31. Kf2 f5 32. g4 fxe4 33. Nxe4 Kc6 34. Rc2 Nd5 35. a3 h6 36. h4 Re5 37. Rc1 Nf4 38. Rc2 g5 39. hxg5 hxg5 40. Kg3 Ne6 41. b4 axb4 42. axb4 Nd4 43. Rd2 Nb5 44. bxc5 dxc5 45. Rd8 Nd4 46. Kf2 Ne6 47. Re8 Kd7 48. Ra8 Nc7 49. Rg8 Ne6 50. Ke3 Ke7 51. Ra8 Kf7 52. Ra7+ Kf8 53. Kf2 Rd5 54. Ke3 Re5 55. Kd3 Rd5+ 56. Ke2 Rd8 57. Ke3 Rc8 58. Kd3 Rd8+ 59. Ke3 Rc8 60. Ra5 Rc7 61. Nc3 Nd4 62. Ne4 Ne6 63. Kd3 Rd7+ 64. Kc4 Rd4+ 65. Kc3 Rd5 66. Ra7 Nd4 67. Kc4 Re5 68. Nxc5 Nxf3 69. Nd7+ Kg8 70. Nxe5 Nxe5+ 71. Kd5 Nxg4 72. Ke6 Nh6 73. Kf6 Kh8 74. Kg6 1-0

[Event "EU-chT Seniors 65"]
[Site "Dresden"]
[Date "2022.11.04"]
[Round "9.4"]
[White "Steiger, Michael"]
[Black "Staub, Gerhard"]
[Result "1/2-1/2"]
[WhiteElo "2009"]
[BlackElo "2039"]
[PlyCount "24"]
[EventDate "2022.10.27"]
[EventType "team-swiss"]
[EventRounds "9"]
[EventCountry "GER"]
[SourceTitle "EXT 2024"]
[Source "ChessBase"]
[SourceDate "2023.10.10"]
[SourceVersion "1"]
[SourceVersionDate "2023.10.10"]
[SourceQuality "1"]
[WhiteTeam "Berlin Kreuzberg 65"]
[BlackTeam "Eppingen 65"]
[WhiteTeamCountry "GER"]
[BlackTeamCountry "GER"]

1. Nf3 d5 2. d4 Nf6 3. c4 c6 4. Qc2 g6 5. Bf4 Bf5 6. Qb3 Qb6 7. c5 Qxb3 8. axb3 Nbd7 9. Nc3 Bg7 10. e3 Ne4 11. h3 Nxc3 12. bxc3 Nxc5 1/2-1/2

[Event "EU-chT Seniors 65"]
[Site "Dresden"]
[Date "2022.10.29"]
[Round "3.4"]
[White "Staub, Gerhard"]
[Black "Heinsohn, Guenter"]
[Result "1/2-1/2"]
[WhiteElo "2039"]
[BlackElo "2177"]
[PlyCount "80"]
[EventDate "2022.10.27"]
[EventType "team-swiss"]
[EventRounds "9"]
[EventCountry "GER"]
[SourceTitle "EXT 2024"]
[Source "ChessBase"]
[SourceDate "2023.10.10"]
[SourceVersion "1"]
[SourceVersionDate "2023.10.10"]
[SourceQuality "1"]
[WhiteTeam "Eppingen 65"]
[BlackTeam "Leipzig Schachfreunde 65"]
[WhiteTeamCountry "GER"]
[BlackTeamCountry "GER"]

1. e4 c5 2. Nc3 a6 3. a4 e6 4. Bc4 Nc6 5. f4 Nf6 6. e5 d5 7. Be2 Nd7 8. Nf3 Be7 9. d3 0-0 10. Bd2 f6 11. exf6 Nxf6 12. 0-0 Bd6 13. Qe1 Qc7 14. g3 Bd7 15. Qf2 Rae8 16. Qg2 Nd4 17. Bd1 Nc6 18. Re1 Qb8 19. Ne2 e5 20. fxe5 Nxe5 21. Nxe5 Bxe5 22. c3 Kh8 23. Bb3 Bc6 24. d4 cxd4 25. Nxd4 Qa7 26. Be3 Ng4 27. Nxc6 Nxe3 28. Nxa7 Nxg2 29. Kxg2 Bb8 30. Bxd5 Bxa7 31. Rxe8 Rxe8 32. Bxb7 Re2+ 33. Kh3 Rxb2 34. Rf1 g6 35. Bxa6 Rc2 36. c4 Kg7 37. Bb7 Rxc4 38. a5 Rc7 39. Be4 Re7 40. Bd3 h5 1/2-1/2

[Event "WchT Seniors 65"]
[Site "Prague"]
[Date "2020.03.08"]
[Round "3.9"]
[White "Staub, Gerhard"]
[Black "Kube, Hannelore"]
[Result "1-0"]
[WhiteElo "1986"]
[BlackElo "1919"]
[PlyCount "87"]
[EventDate "2020.03.06"]
[EventType "team-swiss"]
[EventRounds "7"]
[EventCountry "CZE"]
[SourceTitle "CBM 195 Extra"]
[Source "ChessBase"]
[SourceDate "2020.05.31"]
[SourceVersion "1"]
[SourceVersionDate "2020.05.31"]
[SourceQuality "1"]
[WhiteTeam "Germany 65 VI"]
[BlackTeam "Germany 65 (W)"]
[WhiteTeamCountry "GER"]
[BlackTeamCountry "GER"]

1. e4 e5 2. Nf3 Nc6 3. Bb5 a6 4. Ba4 Nf6 5. Bxc6 dxc6 6. d3 Bg4 7. h3 Bxf3 8. Qxf3 Nd7 9. Nd2 Qf6 10. Qxf6 Nxf6 11. Nc4 Bd6 12. f4 Nd7 13. f5 Be7 14. Be3 0-0-0 15. 0-0-0 f6 16. g4 Bc5 17. Bxc5 Nxc5 18. h4 h6 19. Rdg1 b6 20. Rh2 Nd7 21. Rhg2 Rdf8 22. g5 hxg5 23. hxg5 Kd8 24. c3 c5 25. Ne3 c6 26. a4 b5 27. axb5 axb5 28. Kc2 Kc7 29. Ra1 Rf7 30. b4 Kb7 31. gxf6 gxf6 32. Rag1 Rh3 33. Rg7 Rh7 34. Rxh7 Rxh7 35. Rg6 Rh2+ 36. Kc1 Rh3 37. Kd2 cxb4 38. cxb4 Rh7 39. Ng4 Rf7 40. Kc3 Kb6 41. d4 Rh7 42. dxe5 fxe5 43. Re6 Rh3+ 44. Kc2 1-0

[Event "Basel op"]
[Site "Basel"]
[Date "2019.01.05"]
[Round "5"]
[White "Staub, Gerhard"]
[Black "Bartakke, Amardeep S"]
[Result "0-1"]
[WhiteElo "2010"]
[BlackElo "2249"]
[PlyCount "120"]
[EventDate "2019.01.02"]
[EventType "swiss"]
[EventRounds "7"]
[EventCountry "SUI"]
[SourceTitle "CBM 188 Extra"]
[Source "ChessBase"]
[SourceDate "2019.02.26"]
[SourceVersion "1"]
[SourceVersionDate "2019.02.26"]
[SourceQuality "1"]

1. e4 c5 2. Nc3 a6 3. a4 Nc6 4. f4 g6 5. Nf3 Bg7 6. Bc4 e6 7. 0-0 Nge7 8. d3 0-0 9. Qe1 d5 10. Bb3 Nd4 11. Nxd4 cxd4 12. Nb1 dxe4 13. dxe4 d3 14. Nd2 dxc2 15. Bxc2 Bxb2 16. Bxb2 Qb6+ 17. Qf2 Qxb2 18. Nc4 Qc3 19. Nb6 Rb8 20. Rad1 Qc7 21. e5 Rd8 22. Rxd8+ Qxd8 23. Be4 Nd5 24. Bxd5 exd5 25. Rd1 Be6 26. Qc5 Qf8 27. Qa5 Qa3 28. Qd2 Rd8 29. Qd4 Kh8 30. Ra1 Qe7 31. Rc1 g5 32. fxg5 Qxg5 33. Rc7 Kg7 34. Rxb7 Qc1+ 35. Kf2 Kh8 36. Qh4 Qc2+ 37. Kf1 Qd3+ 38. Ke1 Qe3+ 39. Kf1 Qd3+ 40. Ke1 Qe4+ 41. Qxe4 dxe4 42. Ra7 Rd3 43. h3 Rb3 44. Rxa6 Rb2 45. Ra8+ Kg7 46. a5 Rxg2 47. a6 Ra2 48. a7 h5 49. Nc8 Bxc8 50. Rxc8 Rxa7 51. Rc4 Re7 52. Rxe4 Kg6 53. Kf2 Kf5 54. Rh4 Kg5 55. Re4 f6 56. h4+ Kf5 57. Kf3 fxe5 58. Re1 Rg7 59. Rf1 Rg4 60. Rh1 e4+ 0-1

[Event "Baden Wuerttemberg-ch Seniors op 3rd"]
[Site "Freudenstadt"]
[Date "2017.07.01"]
[Round "2"]
[White "Staub, Gerhard"]
[Black "Vatter, Hans Joachim"]
[Result "0-1"]
[WhiteElo "2000"]
[BlackElo "2193"]
[PlyCount "98"]
[EventDate "2017.06.30"]
[EventType "swiss"]
[EventRounds "9"]
[EventCountry "GER"]
[SourceTitle "EXT 2019"]
[Source "ChessBase"]
[SourceDate "2018.10.10"]
[SourceVersion "1"]
[SourceVersionDate "2018.10.10"]
[SourceQuality "1"]

1. e4 e6 2. Qe2 e5 3. Nf3 Nc6 4. c3 Nf6 5. g3 a5 6. Bg2 Bc5 7. Nxe5 Nxe5 8. d4 d6 9. dxe5 dxe5 10. Be3 Bxe3 11. Qxe3 0-0 12. 0-0 Qe7 13. Nd2 Be6 14. Nf3 Bg4 15. h3 Bxf3 16. Bxf3 Rfd8 17. Kg2 b6 18. Rfd1 g6 19. Rxd8+ Rxd8 20. Rd1 Kg7 21. Rd3 h5 22. h4 Rd6 23. Rxd6 Qxd6 24. Be2 Nd7 25. Bc4 Qc5 26. Qd3 Qe7 27. a3 Nc5 28. Qc2 Qd7 29. b4 Nb7 30. Bb3 axb4 31. axb4 Nd6 32. Qd3 Qe7 33. Qd5 Ne8 34. f3 Nf6 35. Qc4 Nh7 36. Bc2 g5 37. hxg5 Qxg5 38. Bb3 Qd2+ 39. Kf1 Ng5 40. Qxc7 Qc1+ 41. Ke2 Qb2+ 42. Kd3 Qxb3 43. Qxe5+ f6 44. Qc7+ Kg6 45. Qxb6 Nxf3 46. Qc5 Ne5+ 47. Kd2 Qb2+ 48. Kd1 Qb1+ 49. Kd2 Qd3+ 0-1

[Event "EU-chT Seniors"]
[Site "Vienna"]
[Date "2015.07.14"]
[Round "3.3"]
[White "Staub, Gerhard"]
[Black "Maryasin, Boris Feliksovich"]
[Result "0-1"]
[WhiteElo "2051"]
[BlackElo "2332"]
[PlyCount "52"]
[EventDate "2015.07.12"]
[EventType "team-swiss"]
[EventRounds "9"]
[EventCountry "AUT"]
[SourceTitle "CBM 167 Extra"]
[Source "ChessBase"]
[SourceDate "2015.09.14"]
[SourceVersion "1"]
[SourceVersionDate "2015.09.14"]
[SourceQuality "1"]
[WhiteTeam "Eppingen"]
[BlackTeam "Israel"]
[WhiteTeamCountry "GER"]
[BlackTeamCountry "ISR"]

1. e4 c5 2. Nc3 Nc6 3. f4 e6 4. Nf3 a6 5. d3 d5 6. g3 Nf6 7. Bg2 dxe4 8. Nxe4 Nxe4 9. dxe4 Qxd1+ 10. Kxd1 b5 11. a4 b4 12. Be3 Bb7 13. Nd2 0-0-0 14. Ke2 Be7 15. Nc4 Nd4+ 16. Bxd4 Rxd4 17. Nb6+ Kc7 18. c3 Rxe4+ 19. Bxe4 Bxe4 20. Rhd1 Kxb6 21. Rd7 Bf6 22. cxb4 cxb4 23. Rc1 Rd8 24. Rdc7 Rd6 25. R7c5 Bc3 26. Rc8 Bxb2 0-1

[Event "GER-chA Seniors 26th"]
[Site "Bad Neuenahr"]
[Date "2014.08.13"]
[Round "9"]
[White "Staub, Gerhard"]
[Black "Schirmer, Werner"]
[Result "1/2-1/2"]
[WhiteElo "2046"]
[BlackElo "1987"]
[PlyCount "43"]
[EventDate "2014.08.05"]
[EventType "swiss"]
[EventRounds "9"]
[EventCountry "GER"]
[SourceTitle "EXT 2018"]
[Source "ChessBase"]
[SourceDate "2017.10.13"]
[SourceVersion "1"]
[SourceVersionDate "2017.10.13"]
[SourceQuality "1"]

1. e4 c5 2. Nc3 Nc6 3. f4 g6 4. Nf3 Bg7 5. Bc4 e6 6. 0-0 Nge7 7. e5 d5 8. exd6 Qxd6 9. d3 0-0 10. Bd2 b6 11. Qe1 Bb7 12. Ne4 Qd8 13. Rb1 Na5 14. Bxa5 bxa5 15. Qh4 Nf5 16. Qxd8 Rfxd8 17. Rfe1 Rab8 18. c3 Bd5 19. Bxd5 Rxd5 20. g4 Ne7 21. Red1 Rbd8 22. Nf2 1/2-1/2

[Event "GER-chA Seniors 26th"]
[Site "Bad Neuenahr"]
[Date "2014.08.06"]
[Round "2"]
[White "Hassenrueck, Helmut"]
[Black "Staub, Gerhard"]
[Result "1-0"]
[WhiteElo "2201"]
[BlackElo "2046"]
[PlyCount "55"]
[EventDate "2014.08.05"]
[EventType "swiss"]
[EventRounds "9"]
[EventCountry "GER"]
[SourceTitle "EXT 2018"]
[Source "ChessBase"]
[SourceDate "2017.10.13"]
[SourceVersion "1"]
[SourceVersionDate "2017.10.13"]
[SourceQuality "1"]

1. d4 Nf6 2. Nf3 e6 3. c4 b6 4. g3 Bb7 5. Bg2 Be7 6. 0-0 0-0 7. d5 Qc8 8. Nc3 Re8 9. e4 exd5 10. cxd5 Bb4 11. Nh4 Bxc3 12. bxc3 Nxe4 13. Qd4 Nd6 14. c4 Qd8 15. Ba3 Qe7 16. Qg4 Na6 17. Nf5 Qf6 18. Nxd6 cxd6 19. Qxd7 Re7 20. Qxd6 Qxd6 21. Bxd6 Re2 22. Bf3 Rc2 23. Rfc1 Rxc1+ 24. Rxc1 Nc5 25. Re1 Ba6 26. Bxc5 bxc5 27. d6 Rd8 28. d7 1-0

[Event "GER-chA Seniors 26th"]
[Site "Bad Neuenahr"]
[Date "2014.08.05"]
[Round "1"]
[White "Staub, Gerhard"]
[Black "Ludwig, Wolfgang"]
[Result "1-0"]
[WhiteElo "2046"]
[BlackElo "1738"]
[PlyCount "49"]
[EventDate "2014.08.05"]
[EventType "swiss"]
[EventRounds "9"]
[EventCountry "GER"]
[SourceTitle "EXT 2018"]
[Source "ChessBase"]
[SourceDate "2017.10.13"]
[SourceVersion "1"]
[SourceVersionDate "2017.10.13"]
[SourceQuality "1"]

1. e4 c5 2. Nc3 Nc6 3. f4 d6 4. Nf3 e6 5. Bb5 Bd7 6. 0-0 Be7 7. d3 a6 8. Bxc6 Bxc6 9. Qe1 Nf6 10. e5 Nd7 11. exd6 Bxd6 12. Ne5 Rc8 13. Nxc6 Rxc6 14. Ne4 Be7 15. b3 0-0 16. Bb2 Nf6 17. Qg3 Ne8 18. f5 exf5 19. Rxf5 Rg6 20. Qf3 b6 21. Rf1 f6 22. h4 Qa8 23. h5 Rh6 24. Bc1 Nd6 25. Nxd6 1-0

[Event "EU-Cup 29th"]
[Site "Rhodes"]
[Date "2013.10.26"]
[Round "7.5"]
[White "Staub, Gerhard"]
[Black "Persson, Mats"]
[Result "1/2-1/2"]
[WhiteElo "2062"]
[BlackElo "2238"]
[PlyCount "82"]
[EventDate "2013.10.20"]
[EventType "team-swiss"]
[EventRounds "7"]
[EventCountry "GRE"]
[SourceTitle "CBM 157"]
[Source "ChessBase"]
[SourceDate "2013.11.12"]
[SourceVersion "1"]
[SourceVersionDate "2013.11.12"]
[SourceQuality "1"]
[WhiteTeam "Eppingen"]
[BlackTeam "Oslo"]
[WhiteTeamCountry "GER"]
[BlackTeamCountry "NOR"]

1. Nf3 Nf6 2. b3 d5 3. Bb2 e6 4. e3 Be7 5. Be2 0-0 6. 0-0 c5 7. d4 Nc6 8. Nbd2 b6 9. c4 Bb7 10. cxd5 Nxd5 11. Nc4 Rc8 12. Rc1 f6 13. a3 b5 14. Ncd2 cxd4 15. exd4 b4 16. axb4 Bxb4 17. Ne4 Nf4 18. Nc5 Bxc5 19. Rxc5 Re8 20. Bb5 Qb6 21. Qd2 Nd5 22. Rfc1 Red8 23. Ba3 Nce7 24. Rxc8 Rxc8 25. Rxc8+ Bxc8 26. Bc4 Qc7 27. Bc5 Nb6 28. Qa5 Kf7 29. Nd2 Nc6 30. Qc3 Nd5 31. Qh3 Kg8 32. Qh5 Qd8 33. Ne4 Nb6 34. Nd6 g6 35. Qh6 Nxc4 36. Nxc4 Ba6 37. Qd2 Qd5 38. Qh6 Qd8 39. Qd2 Kg7 40. Nd6 Qd7 41. h4 h5 1/2-1/2

[Event "Wch Seniors 22nd"]
[Site "Kamena Vourla"]
[Date "2012.11.24"]
[Round "11"]
[White "Schouten, Nico"]
[Black "Staub, Gerhard"]
[Result "1-0"]
[WhiteElo "2227"]
[BlackElo "2074"]
[PlyCount "33"]
[EventDate "2012.11.13"]
[EventType "swiss"]
[EventRounds "11"]
[EventCountry "GRE"]
[SourceTitle "CBM 151 Extra"]
[Source "ChessBase"]
[SourceDate "2012.12.18"]
[SourceVersion "1"]
[SourceVersionDate "2012.12.18"]
[SourceQuality "1"]

1. d4 Nf6 2. c4 e5 3. dxe5 Ne4 4. e3 b6 5. Nf3 Bb7 6. Be2 Nc6 7. 0-0 g5 8. Bd2 Bg7 9. Nc3 Nxe5 10. Nd4 Nd6 11. b3 a6 12. Qc2 Ng6 13. Rad1 0-0 14. Bf3 c5 15. Bxb7 cxd4 16. Bxa8 dxc3 17. Bxc3 1-0

[Event "Wch Seniors 22nd"]
[Site "Kamena Vourla"]
[Date "2012.11.21"]
[Round "8"]
[White "Gruzmann, Boris"]
[Black "Staub, Gerhard"]
[Result "1/2-1/2"]
[WhiteElo "2323"]
[BlackElo "2074"]
[PlyCount "45"]
[EventDate "2012.11.13"]
[EventType "swiss"]
[EventRounds "11"]
[EventCountry "GRE"]
[SourceTitle "CBM 151 Extra"]
[Source "ChessBase"]
[SourceDate "2012.12.18"]
[SourceVersion "1"]
[SourceVersionDate "2012.12.18"]
[SourceQuality "1"]

1. e4 c5 2. Nf3 Nc6 3. d4 cxd4 4. Nxd4 Nf6 5. Nc3 e6 6. Ndb5 Bb4 7. a3 Bxc3+ 8. Nxc3 d5 9. exd5 Nxd5 10. Bd2 0-0 11. Bd3 Qh4 12. g3 Qh3 13. Qe2 Rd8 14. 0-0-0 Nd4 15. Qe4 Nf6 16. Qf4 e5 17. Qxe5 Bg4 18. Bf1 Qh5 19. Qxh5 Bxh5 20. Re1 Nf3 21. Re2 Nd4 22. Re1 Nf3 23. Re2 1/2-1/2

[Event "Wch Seniors 22nd"]
[Site "Kamena Vourla"]
[Date "2012.11.16"]
[Round "4"]
[White "Nukin, Tolegen"]
[Black "Staub, Gerhard"]
[Result "1-0"]
[WhiteElo "2203"]
[BlackElo "2074"]
[PlyCount "27"]
[EventDate "2012.11.13"]
[EventType "swiss"]
[EventRounds "11"]
[EventCountry "GRE"]
[SourceTitle "CBM 151 Extra"]
[Source "ChessBase"]
[SourceDate "2012.12.18"]
[SourceVersion "1"]
[SourceVersionDate "2012.12.18"]
[SourceQuality "1"]

1. Nf3 d6 2. d4 Bg4 3. e4 Bxf3 4. Qxf3 c6 5. Bd3 g6 6. 0-0 Bg7 7. c3 Nd7 8. Qe2 e5 9. dxe5 dxe5 10. Nd2 Ne7 11. Nc4 Qc7 12. Bg5 f6 13. Be3 0-0 14. Rad1 1-0

[Event "Wch Seniors 22nd"]
[Site "Kamena Vourla"]
[Date "2012.11.15"]
[Round "3"]
[White "Staub, Gerhard"]
[Black "Neumann, Horst"]
[Result "1-0"]
[WhiteElo "2074"]
[BlackElo "1912"]
[PlyCount "53"]
[EventDate "2012.11.13"]
[EventType "swiss"]
[EventRounds "11"]
[EventCountry "GRE"]
[SourceTitle "CBM 151 Extra"]
[Source "ChessBase"]
[SourceDate "2012.12.18"]
[SourceVersion "1"]
[SourceVersionDate "2012.12.18"]
[SourceQuality "1"]

1. e4 c6 2. c4 g6 3. Nf3 d6 4. d4 Bg4 5. Be2 Bg7 6. 0-0 Qb6 7. Be3 Bxf3 8. Bxf3 Qxb2 9. Nd2 Qb6 10. Rb1 Qc7 11. h4 Nd7 12. h5 e5 13. c5 dxc5 14. dxc5 Bf8 15. Qc2 Ngf6 16. Nb3 gxh5 17. Qe2 h4 18. Bg5 h3 19. g3 h6 20. Bh4 Nh7 21. Bg4 Ng5 22. f4 Be7 23. Qc4 0-0-0 24. fxg5 hxg5 25. Rxf7 gxh4 26. Rxe7 hxg3 27. Qe6 1-0

[Event "Rheinland Pfalz op 4th"]
[Site "Altenkirchen"]
[Date "2012.06.10"]
[Round "7"]
[White "Staub, Gerhard"]
[Black "Henrich, David"]
[Result "1/2-1/2"]
[WhiteElo "2105"]
[BlackElo "1779"]
[PlyCount "35"]
[EventDate "2012.06.07"]
[EventType "swiss"]
[EventRounds "7"]
[EventCountry "GER"]
[SourceTitle "CBM 148 Extra"]
[Source "ChessBase"]
[SourceDate "2012.06.22"]
[SourceVersion "1"]
[SourceVersionDate "2012.06.22"]
[SourceQuality "1"]

1. e4 d6 2. d4 Nf6 3. Nc3 e5 4. dxe5 dxe5 5. Qxd8+ Kxd8 6. f3 Be6 7. Be3 c6 8. a3 Bd6 9. Nge2 Nbd7 10. Nc1 Bc5 11. Kf2 Ke7 12. Nd3 Bxe3+ 13. Kxe3 Ne8 14. h4 f6 15. g3 Nd6 16. b3 h5 17. Bh3 g6 18. Bxe6 1/2-1/2

[Event "Oberliga Baden 0910"]
[Site "Germany"]
[Date "2010.02.28"]
[Round "7.8"]
[White "Staub, Gerhard"]
[Black "Lossau, Siegfried"]
[Result "1/2-1/2"]
[WhiteElo "2104"]
[BlackElo "2143"]
[PlyCount "168"]
[EventDate "2009.10.18"]
[EventType "team-tourn"]
[EventRounds "9"]
[EventCountry "GER"]
[SourceTitle "EXT 2011"]
[Source "ChessBase"]
[SourceDate "2010.11.26"]
[SourceVersion "1"]
[SourceVersionDate "2010.11.26"]
[SourceQuality "1"]
[WhiteTeam "Eppingen II"]
[BlackTeam "Waldshut"]
[WhiteTeamCountry "GER"]
[BlackTeamCountry "GER"]

1. Nf3 f5 2. e4 fxe4 3. Ng5 Nf6 4. d3 d5 5. dxe4 h6 6. Nh3 e5 7. exd5 Qxd5 8. Qxd5 Nxd5 9. Bd3 Bc5 10. Bg6+ Ke7 11. Nd2 Nc6 12. Ne4 Bb6 13. c4 Nf6 14. c5 Ba5+ 15. Bd2 Bxd2+ 16. Nxd2 Rd8 17. Ng1 Be6 18. Ne2 Nd4 19. Nc3 Rd7 20. 0-0-0 Rad8 21. b3 Nd5 22. Nxd5+ Bxd5 23. Be4 c6 24. Rhe1 Kf6 25. f3 Ne6 26. b4 Bxa2 27. Bc2 Bd5 28. Ne4+ Bxe4 29. Rxe4 Rxd1+ 30. Bxd1 a5 31. bxa5 Nxc5 32. Rc4 Rd5 33. Bc2 Na6 34. Ra4 Rd4 35. Ra3 Nb4 36. Be4 Ke6 37. h4 g5 38. hxg5 hxg5 39. g4 Kd6 40. Ra1 Kc5 41. Kb2 Kb5 42. Rh1 Nd3+ 43. Bxd3+ Rxd3 44. Rh5 Rxf3 45. Rxg5 Re3 46. Rg7 Ka6 47. Re7 Rg3 48. Rg7 e4 49. Kc2 Ra3 50. Re7 e3 51. Re5 Ra2+ 52. Kd3 Rg2 53. g5 e2 54. Kd2 Ka7 55. Rf5 Ka6 56. Re5 b5 57. axb6 Kxb6 58. Rxe2 Rxg5 59. Kc3 Kb5 60. Re3 Rg1 61. Re5+ c5 62. Rh5 Rg7 63. Kc2 Kb4 64. Rh4+ c4 65. Rh8 Rg2+ 66. Kb1 Kb3 67. Rb8+ Kc3 68. Ka1 Rg1+ 69. Ka2 Rd1 70. Rc8 Rh1 71. Rc7 Kd3 72. Kb2 Rh2+ 73. Kb1 Rh8 74. Kb2 Rb8+ 75. Kc1 Kc3 76. Rh7 Kb3 77. Rh3+ Kb4 78. Kc2 Ra8 79. Kb2 Rg8 80. Rh2 Rg3 81. Rf2 Rb3+ 82. Kc2 Ra3 83. Rf8 Ra2+ 84. Kb1 Rh2 1/2-1/2